The life and times of Rembrandt / (Record no. 10067)
[ view plain ]
| 000 -LEADER | |
|---|---|
| fixed length control field | 00912nam a22002772a 4500 |
| 001 - CONTROL NUMBER | |
| JCCL Control Number | 10067 |
| 003 - CONTROL NUMBER IDENTIFIER | |
| JCCL marc code | BD - JhCC |
| 005 - DATE AND TIME OF LATEST TRANSACTION | |
| control field | 20180405103551.0 |
| 008 - FIXED-LENGTH DATA ELEMENTS--GENERAL INFORMATION | |
| fixed length control field | 180405s1968 enkach 000 0beng d |
| 020 ## - INTERNATIONAL STANDARD BOOK NUMBER | |
| International Standard Book Number | 0600031543 |
| 035 ## - SYSTEM CONTROL NUMBER | |
| system control number | OCLC ocm00019623 from D960223M |
| -- | (BD - JhCC)10067 |
| 040 ## - CATALOGING SOURCE | |
| Original cataloging agency | DLC |
| Transcribing agency | DLC |
| Modifying agency | UKM |
| -- | EQO |
| -- | BD - JhCC |
| 041 1# - LANGUAGE CODE | |
| Language code of Book | engita |
| 050 #0 - LIBRARY OF CONGRESS CALL NUMBER | |
| Classification number | ND653.R4 |
| Item number | L413 |
| 082 ## - DEWEY DECIMAL CLASSIFICATION NUMBER | |
| Classification number | 759.9492 |
| Author mark and Year | LEP 1968 |
| 100 1# - MAIN ENTRY--PERSONAL NAME | |
| Personal name | Lepore, Mario, |
| Dates associated with a name | 1912- |
| 245 14 - TITLE STATEMENT | |
| Title | The life and times of Rembrandt / |
| Statement of responsibility, etc | text by Mario Lepore, translator [from the Italian] Julia Shaw |
| 260 ## - PUBLICATION, DISTRIBUTION, ETC. (IMPRINT) | |
| Place of publication, distribution, etc | London ; |
| -- | New York [etc.] : |
| Name of publisher, distributor, etc | Hamlyn, |
| Date of publication, distribution, etc | 1968. |
| 300 ## - PHYSICAL DESCRIPTION | |
| Pagination | 75 p. |
| Other physical details | col. illus., facsim., ports. (some col.) |
| Dimensions | 30 cm |
| 490 1# - SERIES STATEMENT | |
| Series statement | Portraits of greatness |
| 500 ## - GENERAL NOTE | |
| General note | Illus. on lining papers |
| 600 00 - SUBJECT ADDED ENTRY--PERSONAL NAME | |
| Personal name | Rembrandt Harmenszoon van Rijn, |
| Dates associated with a name | 1606-1669. |
| 830 #0 - SERIES ADDED ENTRY--UNIFORM TITLE | |
| Uniform title | Portraits of greatness |
| 942 ## - ADDED ENTRY ELEMENTS (KOHA) | |
| Source of classification or shelving scheme | Dewey Decimal Classification |
| Koha item type | Reference |
| Source of classification or shelving scheme | Damaged status | Not for loan | Home library | Current library | Shelving location | Date of accession | Total Checkouts | Full call number | Barcode | Date last seen | Copy number | Koha item type |
|---|---|---|---|---|---|---|---|---|---|---|---|---|
| Dewey Decimal Classification | JCC Rouf Library | JCC Rouf Library | General Stacks | 04/04/2018 | 759.9492 LEP 1968 | 13422 | 04/05/2018 | C-1 | Reference |